Представление документа в формате MARC21

Поле Инд. ПП Название Значение
Тип записи a
Библиографический уровень m
001 Контрольный номер RU/IS/BASE/264543118
005 Дата корректировки 20250331172109.5
008 Кодируемые данные 19950626
040 00 e Правила каталог. Л 950626
084 a Индекс другой классификации/Индекс ББК 84(4Фра)52; 84(4Фра)52-44
090 00 a Полочн. индекс 84(4Фра)52
x Авторский знак Б 211
097 00 a 230
100 10 a Автор Бальзак О. де
q Полное имя Бальзак Оноре де
245 00 a Заглавие Собрание сочинений
b Продолж. заглавия в 24 т.
c Ответственность перевод с французского В. О. Станевич, И. С. Татариновой, О. В. Моисеенко, И. Е. Грушецкой; редактор И. А. Лилеева; художник А. А. Васин
n Номер части/ раздела Т.5
p Название части/ раздела Человеческая комедия: Этюды о нравах
260 00 a Место издания Москва
b Издательство Правда
c Дата издания 1960
300 00 a Объем 520 с.
336 a Термин вида содержания Текст
337 a Термин типа средства непосредственный
440 _0 a Серия Библиотека "Огонек"
504 a Библиография Примеч.: с. 506-519
505 0_ a Форматированное содержание Модеста Миньон
505 0_ a Форматированное содержание Первые шаги в жизни
505 0_ a Форматированное содержание Турский священник
505 0_ a Форматированное содержание Человеческая комедия
650 04 a Основная рубрика художественная литература
653 00 a Ключевые слова XIX век
a Ключевые слова Франция
a Ключевые слова французская литература
655 00 a Жанр/ форма (устаревшее) проза
a Жанр/ форма (устаревшее) роман
a Жанр/ форма (устаревшее) повесть
700 12 a Автор Станевич О. В.
e Роль лиц переводчик
700 12 a Автор Татаринова И. С.
e Роль лиц переводчик
700 12 a Автор Моисеенко О. В.
e Роль лиц переводчик
700 12 a Автор Грушецкая И. Е.
e Роль лиц переводчик
700 12 a Автор Лилеева И. А.
e Роль лиц редактор
700 12 a Автор Васин А. А.
e Роль лиц художник
900 a Имя электронного ресурса obl_Balzak_t5_1960
x Справочная информация Обложка
901 t Тип документа m
952 a Тип литературы для КСУ ВШ ЛХИ